Do You Really Know the TV Show Friends? Part 5 - Statistics

General Stats
  • This quiz has been taken 479 times
  • The average score is 11 of 15
Answer Stats
Question Answer % Correct
What does Monica put on her head to cheer Chandler up during Thanksgiving? Turkey
87%
What is Phoebe's twin sister's job? Waitress
87%
Which friend was rumored to be a hermaphrodite in high school? Rachel
85%
Who kisses Chandler's mom while drunk? Ross
85%
Which two friends take great naps together? Joey and Ross
84%
Who mugged Ross when they were younger? Phoebe
83%
Which one of Rachel's coworkers makes Ross jealous? Mark
81%
Emma's 1st birthday cake mistakenly shows up in the shape of male genital, what was it supposed to be shapped like? Bunny
80%
Who's mom does Joey kiss as a distraction? Rachel
79%
When Joey loses Ross's grandmother's wedding ring, where do they find it? In the duck
74%
What book does Joey put in the freezer when it scares him? The Shining
67%
When Joey and Chandler's kitchen table breaks, what do they buy to replace it? Foosball Table
56%
What game that Joey and Chandler invented involves a tennis ball, lighter fluid, and a blow torch? Fireball
54%
After splurging on stuff for his new apartment and having it all repossesed, what item does Ross buy back for Joey? Big White Dog
36%
Where is Monica's secret hiding place for presents? Hollow window bench
25%
No matching quizzes found
Score Distribution
Percent of People with Each Score
Percentile by Number Answered
Your Score History
You have not taken this quiz